LEADER 00984nam0-2200277---450- 001 990008580930403321 005 20071112131238.0 035 $a000858093 035 $aFED01000858093 035 $a(Aleph)000858093FED01 035 $a000858093 100 $a20071112d1936----km-y0itay50------ba 101 0 $aita 102 $aIT 105 $aa---j---001yy 200 1 $aRiassunti delle Lezioni di geografia tenute da L. G. Nangeroni nell'anno accademico 1936-1937 nell'Universita cattolica del s. Cuore Milano$ePuntata 1 210 $aMilano$cIst. Ed. Cisalpino$d1936 215 $a241 p.$cill.$d24 cm 700 1$aNangeroni,$bGiuseppe$f<1892-1987>$034020 801 0$aIT$bUNINA$gRICA$2UNIMARC 901 $aBK 912 $a990008580930403321 952 $aX-05-055$bIst. 6516$fILFGE 959 $aILFGE 996 $aRiassunti delle Lezioni di geografia tenute da L. G. Nangeroni nell'anno accademico 1936-1937 nell'Universita cattolica del s. Cuore Milano$9710613 997 $aUNINA LEADER 00951nam0-22003251i-450- 001 990004080360403321 005 20080703131257.0 010 $a0-631-13625-8 035 $a000408036 035 $aFED01000408036 035 $a(Aleph)000408036FED01 035 $a000408036 100 $a19990604d1986----km-y0itay50------ba 101 0 $aeng 105 $ay-------00-y- 200 1 $a<>guide to old English$fBruce Mitchell, Fred C. Robinson 205 $a4th ed. rev. with prose and verse texts and glossary 210 $aNew York$cBasil Blackwell$d1986 215 $aXVI, 354 p.$d23 cm 610 0 $aAntico inglese$aGrammatica 676 $a429.5 700 1$aMitchell,$bBruce$0154148 701 1$aRobinson,$bFred C.$0157640 801 0$aIT$bUNINA$gRICA$2UNIMARC 901 $aBK 912 $a990004080360403321 952 $a429.5 MIT 2$bDip.f.m.2865$fFLFBC 959 $aFLFBC 996 $aGuide to old English$9480021 997 $aUNINA